000
00288nam a2200133Ia 4500
100
_a
Kumbhojkar G.V
650
_a
Mathematics
942
_c
BK
245
_a
Applied Mathematics iv- Electronics
260
_b
C.Jamnadas and Co
_c
2014
082
_b
KUM
546
_a
ENGLISH
999
_c
30488
_d
30488